Derecho farmaceútico y recopilación sistemática / (Record no. 74281)
[ view plain ]
| 000 -LEADER | |
|---|---|
| campo de control de longitud fija | 00681nam a2200193 i 4500 |
| 001 - NÚMERO DE CONTROL | |
| campo de control | 74281 |
| 003 - IDENTIFICADOR DE NÚMERO DE CONTROL | |
| campo de control | ES-MaACL |
| 005 - FECHA Y HORA DE LA ÚLTIMA TRANSACCIÓN | |
| campo de control | 20240111173414.0 |
| 007 - CAMPO FIJO DE DESCRIPCIÓN FÍSICA--INFORMACIÓN GENERAL | |
| campo de control de longitud fija | t| |
| 008 - DATOS DE LONGITUD FIJA--INFORMACIÓN GENERAL | |
| campo de control de longitud fija | 040916s1972 sp ||||1| spa d |
| 100 1# - ENTRADA PRINCIPAL--NOMBRE DE PERSONA | |
| Nombre de persona | González Pérez, Jesús. |
| 9 (RLIN) | 58870 |
| 245 10 - MENCIÓN DEL TÍTULO | |
| Título | Derecho farmaceútico y recopilación sistemática / |
| Mención de responsabilidad, etc. | Jesús González Pérez ; actualizada y anotada de la Legislación Farmaceútica por José A. Escalante. |
| 260 ## - PUBLICACIÓN, DISTRIBUCIÓN, ETC. | |
| Lugar de publicación, distribución, etc. | Madrid : |
| Nombre del editor, distribuidor, etc. | Boletín Oficial del Estado, |
| Fecha de publicación, distribución, etc. | 1972. |
| 300 ## - DESCRIPCIÓN FÍSICA | |
| Extensión | 1597, 25 p. ; |
| Dimensiones | 24 cm. |
| 650 #7 - PUNTO DE ACCESO ADICIONAL DE MATERIA--TÉRMINO DE MATERIA | |
| Término de materia o nombre geográfico como elemento de entrada | Farmacia- |
| Subdivisión general | Derecho |
| Fuente del encabezamiento o término | |
| 9 (RLIN) | 172581 |
| 700 1# - ENTRADA AGREGADA--NOMBRE PERSONAL | |
| Nombre de persona | Escalante, José A. |
| 9 (RLIN) | 47466 |
| 852 ## - LOCALIZACIÓN | |
| Ubicación | ES-MaACL |
| Número de control de estantería | E-5305 |
| Sublocalización o colección | R.89690 |
| Estatus retirado | Estado de pérdida | Estado de daño | No para préstamo | Biblioteca de origen | Biblioteca actual | Ubicación en estantería | Fecha de adquisición | Fuente de adquisición | Total de préstamos | Signatura topográfica completa | Código de barras | Visto por última vez | Precio de reemplazo | Tipo de ítem Koha |
|---|---|---|---|---|---|---|---|---|---|---|---|---|---|---|
| Biblioteca del Ateneo de Madrid | Biblioteca del Ateneo de Madrid | Depósito 2 | 17/01/2008 | E-5305 | 1077755 | 23/02/2023 | 23/02/2023 | Libro impreso |
